Loading...

Food packaging /

Bibliographic Details
Main Author: Khetarpaul, Neelam
Other Authors: Punia , Darshan
Language:Undetermined
Published: Delhi : Daya Publishing House , 2008.
Subjects:
LEADER 00590nam a2200181Ia 4500
001 159493
008 170722s9999 xx 000 0 und d
020 |a 9788170355427 
100 |a Khetarpaul, Neelam 
245 |a Food packaging / 
260 |a Delhi :  |b Daya Publishing House ,  |c 2008. 
300 |a x+328 
653 |a Food Technology 
700 |a Punia , Darshan 
923 |d 20081103  |n 5187 
942 |c GEN 
999 |c 139261  |d 139261 
952 |0 0  |1 0  |4 0  |6 F_53_000000000000000_P82  |7 0  |9 196800  |a LIB  |b LIB  |d 2013-03-25  |e Ajith Book Stall  |l 3  |o F53 P82  |p 271294  |r 2019-11-14  |s 2019-06-24  |v 900.00  |w 2017-08-12  |y GEN